000 00810cam a2200169 4500
001 ABS60902
008 000000n1999 000 0 eng u
035 _a(Sirsi) u101429
100 _aGibb, A.
245 _aTechnical and managerial challenges of facade retention.
260 _c1999
490 _aProceedings of the Institution of Civil Engineers : Structures and Buildings
_v134(3) August 1999, 219-229(11)
520 _aDiscusses the challenges created when the outer facade of a building is retained while the main structure is replaced. The article focuses on the technical and managerial issues involved in such projects and considers the reasons for using retained facades. Diagrams and references.
650 _aRETAINED FACADES
690 _aBUILT ENVIRONMENT-CONSTRUCTION DESIGN
942 _n0
999 _c60571
_d60571